[Event "Hastings Masters"]
[Site "Hastings"]
[Date "2024.01.05"]
[Round "9.27"]
[White "Lahlum, Hans Olav"]
[Black "Larkin, Benjamin"]
[Result "0-1"]
[WhiteElo "2037"]
[BlackElo "1814"]
[PlyCount "68"]
[EventDate "2023.12.28"]
[EventType "swiss"]
[EventRounds "9"]
[EventCountry "ENG"]
[SourceTitle "BritBase"]
[Source "John Saunders"]
[SourceDate "2024.01.08"]
[SourceVersion "1"]
[SourceVersionDate "2024.01.08"]
[SourceQuality "1"]

1. d4 Nf6 2. c4 g6 3. f3 d5 4. cxd5 Nxd5 5. e4 Nb6 6. Nc3 Bg7 7. Be3 Nc6 8. Qd2
Nxd4 9. O-O-O e5 10. h4 Be6 11. h5 Qd7 12. hxg6 hxg6 13. Rxh8+ Bxh8 14. Qf2
O-O-O 15. Kb1 Kb8 16. Nge2 Nc4 17. Bg5 f6 18. Bc1 c5 19. g4 g5 20. Ng3 Qc7 21.
Nf5 Qb6 22. Bxc4 Bxc4 23. Ne3 Qa6 24. Nxc4 Qxc4 25. Nd5 a6 26. Be3 Rd6 27. Rh1
Qd3+ 28. Ka1 Nc2+ 29. Kb1 Nxe3+ 30. Ka1 Nc2+ 31. Kb1 Nb4+ 32. Ka1 Nxd5 33. Qxc5
Nb4 34. Rxh8+ Rd8 0-1

[Event "Hastings Masters"]
[Site "Hastings"]
[Date "2024.01.05"]
[Round "9.28"]
[White "Liu, Tianyi Jack"]
[Black "Verbytski, Oleg"]
[Result "0-1"]
[WhiteElo "2022"]
[BlackElo "1771"]
[PlyCount "78"]
[EventDate "2023.12.28"]
[EventType "swiss"]
[EventRounds "9"]
[EventCountry "ENG"]
[SourceTitle "BritBase"]
[Source "John Saunders"]
[SourceDate "2024.01.08"]
[SourceVersion "1"]
[SourceVersionDate "2024.01.08"]
[SourceQuality "1"]

1. e4 c5 2. Nf3 d6 3. d4 cxd4 4. Nxd4 Nf6 5. Nc3 a6 6. Bg5 e6 7. Qe2 Nbd7 8.
O-O-O Qc7 9. h4 Be7 10. g4 b5 11. a3 Rb8 12. Bxf6 Nxf6 13. g5 Nd7 14. Nf5 exf5
15. Nd5 Qc4 16. Qd2 Qxe4 17. Rh3 Bb7 18. Bg2 Qxg2 19. Nxe7 Qxh3 20. Qxd6 f4 21.
Re1 Kd8 22. Qb4 Qe6 23. Rxe6 fxe6 24. Qd6 Re8 25. Nc6+ Bxc6 26. Qxc6 Rb6 27.
Qe4 g6 28. Qxf4 Rf8 29. Qe3 e5 30. Qb3 Ke7 31. Qg3 Rd6 32. c3 Rf5 33. Kc2 Nc5
34. Qe3 Nd3 35. Qa7+ Rd7 36. Qxa6 Rxf2+ 37. Kb1 Nxb2 38. Qb6 Rd1+ 39. Ka2 Nc4+
0-1

[Event "Hastings Masters"]
[Site "Hastings"]
[Date "2024.01.05"]
[Round "9.30"]
[White "Howell, Oliver W"]
[Black "White, Stuart A"]
[Result "1/2-1/2"]
[WhiteElo "1782"]
[BlackElo "2014"]
[PlyCount "82"]
[EventDate "2023.12.28"]
[EventType "swiss"]
[EventRounds "9"]
[EventCountry "ENG"]
[SourceTitle "BritBase"]
[Source "John Saunders"]
[SourceDate "2024.01.08"]
[SourceVersion "1"]
[SourceVersionDate "2024.01.08"]
[SourceQuality "1"]

1. Nf3 d5 2. d4 Nf6 3. Bg5 Ne4 4. Bf4 c5 5. e3 Qb6 6. Nc3 Qa5 7. Bb5+ Bd7 8.
Bxd7+ Nxd7 9. O-O cxd4 10. Nxe4 dxe4 11. Nxd4 e5 12. Nb3 Qb6 13. Bg3 h5 14. h4
Rc8 15. Qd5 Qc6 16. Rfd1 f6 17. c3 Qxd5 18. Rxd5 Nb6 19. Rb5 Rd8 20. a4 Rd7 21.
a5 Nc4 22. Nc5 Bxc5 23. Rxc5 Nd6 24. f4 exf3 25. gxf3 Ke7 26. Rd1 Rhd8 27. e4
Nf7 28. Rxd7+ Rxd7 29. f4 exf4 30. Bxf4 g6 31. b4 Nd6 32. Bxd6+ Rxd6 33. Kg2
Rc6 34. Rxc6 bxc6 35. c4 Kd6 36. Kf3 g5 37. hxg5 fxg5 38. c5+ Ke5 39. Kg3 a6
40. Kh3 Ke6 41. e5 Kxe5 1/2-1/2

[Event "Hastings Masters"]
[Site "Hastings"]
[Date "2024.01.05"]
[Round "9.31"]
[White "Sugden, John N"]
[Black "Sivanandan, Bodhana"]
[Result "1/2-1/2"]
[WhiteElo "1968"]
[BlackElo "1857"]
[PlyCount "72"]
[EventDate "2023.12.28"]
[EventType "swiss"]
[EventRounds "9"]
[EventCountry "ENG"]
[SourceTitle "BritBase"]
[Source "John Saunders"]
[SourceDate "2024.01.08"]
[SourceVersion "1"]
[SourceVersionDate "2024.01.08"]
[SourceQuality "1"]

1. e4 c6 2. d4 d5 3. Nc3 dxe4 4. Nxe4 Nf6 5. Nxf6+ exf6 6. Bc4 Bd6 7. Qe2+ Be7
8. Nf3 O-O 9. O-O Bd6 10. Re1 Na6 11. Bxa6 bxa6 12. Bd2 Rb8 13. b3 a5 14. a4
Bb4 15. Rad1 Bf5 16. Bxb4 axb4 17. h3 h6 18. Qc4 Qd5 19. Rd2 Be6 20. Qc5 a5 21.
Re3 Rfd8 22. Qxd5 cxd5 23. Ne1 Bf5 24. Nd3 Bxd3 25. Rdxd3 Kf8 26. c3 Rdc8 27.
Kf1 bxc3 28. Rxc3 Rxc3 29. Rxc3 Ke7 30. Ke2 Kd6 31. Kd2 Rb7 32. Kc2 Re7 33. Re3
Rc7+ 34. Rc3 Re7 35. Re3 Rc7+ 36. Rc3 Re7 1/2-1/2

[Event "Hastings Masters"]
[Site "Hastings"]
[Date "2024.01.05"]
[Round "9.32"]
[White "Moracchini, Margaux"]
[Black "Damodaran, Patrick"]
[Result "1/2-1/2"]
[WhiteElo "1922"]
[BlackElo "1798"]
[PlyCount "133"]
[EventDate "2023.12.28"]
[EventType "swiss"]
[EventRounds "9"]
[EventCountry "ENG"]
[SourceTitle "BritBase"]
[Source "John Saunders"]
[SourceDate "2024.01.08"]
[SourceVersion "1"]
[SourceVersionDate "2024.01.08"]
[SourceQuality "1"]

1. e4 g6 2. d4 Bg7 3. Nc3 d6 4. g3 Nf6 5. Bg2 Bg4 6. Nge2 Nc6 7. f3 Bd7 8. Be3
e5 9. O-O O-O 10. Qd2 Re8 11. Kh1 Nh5 12. Rad1 Qc8 13. b3 Bh3 14. Bxh3 Qxh3 15.
d5 Nd4 16. Bxd4 exd4 17. Nb5 f5 18. Nxc7 fxe4 19. Nxe8 Rxe8 20. Kg1 e3 21. Qd3
g5 22. Rde1 Be5 23. f4 gxf4 24. Qe4 fxg3 25. hxg3 Nxg3 26. Nxg3 Qxg3+ 27. Qg2
Re7 28. Re2 Rg7 29. Qxg3 Bxg3 30. Kh1 h5 31. c3 Be5 32. cxd4 Bxd4 33. Rf5 Rh7
34. Rg2+ Rg7 35. Re2 Rh7 36. Kh2 Rf7 37. Rg5+ Kf8 38. Rxh5 Ke8 39. Kg2 Kd7 40.
Rc2 Rg7+ 41. Kf3 a5 42. Ke4 Bc5 43. a4 Rg4+ 44. Kd3 Kc7 45. Rf5 Kb6 46. Rh2
Rd4+ 47. Kc2 Bb4 48. Re2 Bd2 49. Rh5 Kc5 50. Reh2 b6 51. R2h4 Rxh4 52. Rxh4
Kxd5 53. Kd3 Kc5 54. Rc4+ Kd5 55. Rc8 Bb4 56. Kxe3 Bc5+ 57. Kd3 Ke6 58. Kc4 Kd7
59. Rg8 Kc6 60. Rg5 Bb4 61. Kd4 Bc5+ 62. Ke4 Bb4 63. Rg8 Bc5 64. Rh8 Bb4 65.
Rc8+ Kd7 66. Rc2 Ke6 67. Rg2 1/2-1/2

[Event "Hastings Masters"]
[Site "Hastings"]
[Date "2024.01.05"]
[Round "9.33"]
[White "Keely, Leo A"]
[Black "Seo, Juwon"]
[Result "1-0"]
[WhiteElo "1908"]
[BlackElo "1405"]
[PlyCount "99"]
[EventDate "2023.12.28"]
[EventType "swiss"]
[EventRounds "9"]
[EventCountry "ENG"]
[SourceTitle "BritBase"]
[Source "John Saunders"]
[SourceDate "2024.01.08"]
[SourceVersion "1"]
[SourceVersionDate "2024.01.08"]
[SourceQuality "1"]

1. e4 c5 2. Nc3 Nc6 3. f4 g6 4. Nf3 Bg7 5. Bb5 e6 6. Bxc6 bxc6 7. e5 Ne7 8. O-O
O-O 9. d3 Ba6 10. Re1 c4 11. d4 Rb8 12. Ne4 Nd5 13. Nc5 Bc8 14. c3 d6 15. exd6
Qxd6 16. g3 Rd8 17. Qe2 Nb6 18. f5 e5 19. f6 exd4 20. Ne4 Qd5 21. fxg7 Kxg7 22.
Qd2 Qh5 23. Qf4 Bg4 24. Qf6+ Kf8 25. Nxd4 Kg8 26. Qxd8+ Rxd8 27. Nf6+ Kg7 28.
Nxh5+ Bxh5 29. Bf4 c5 30. Nb5 a6 31. Nc7 Na4 32. b3 Nb6 33. Nxa6 Rc8 34. b4
cxb4 35. Nxb4 Na4 36. Be5+ Kg8 37. Bd4 Nb2 38. Re3 Ra8 39. a4 f5 40. a5 Kf8 41.
a6 Kf7 42. a7 Bd1 43. Nd5 Nd3 44. Rxd1 Rc8 45. Ra1 Ra8 46. Nc7 Rd8 47. a8=Q
Rxa8 48. Rxa8 Nb2 49. Nd5 Nd3 50. Re7# 1-0

[Event "Hastings Masters"]
[Site "Hastings"]
[Date "2024.01.05"]
[Round "9.34"]
[White "Flynn, David"]
[Black "Steiners, Emils"]
[Result "0-1"]
[WhiteElo "1791"]
[BlackElo "1993"]
[PlyCount "68"]
[EventDate "2023.12.28"]
[EventType "swiss"]
[EventRounds "9"]
[EventCountry "ENG"]
[SourceTitle "BritBase"]
[Source "John Saunders"]
[SourceDate "2024.01.08"]
[SourceVersion "1"]
[SourceVersionDate "2024.01.08"]
[SourceQuality "1"]

1. e4 e6 2. d4 d5 3. Bd3 dxe4 4. Bxe4 Nf6 5. Bf3 c5 6. Ne2 Be7 7. Nbc3 O-O 8.
d5 Qb6 9. Be3 Rd8 10. O-O Nc6 11. a3 Ne5 12. Nf4 Qxb2 13. Na4 Qb5 14. Nc3 Qc4
15. Be2 Qxc3 16. Bd2 Qb2 17. Rb1 Qxa3 18. Ra1 Qb2 19. Rb1 Qd4 20. c3 Qe4 21. f3
Qf5 22. g4 Nexg4 23. fxg4 Qe5 24. Re1 Qd6 25. Bf3 e5 26. Nd3 e4 27. Bxe4 Nxe4
28. Rxe4 Qxd5 29. Rxe7 Qxd3 30. Qe1 Be6 31. Bg5 Re8 32. Rxe8+ Rxe8 33. Rxb7 Qf3
34. Rxa7 h6 0-1

[Event "Hastings Masters"]
[Site "Hastings"]
[Date "2024.01.05"]
[Round "9.35"]
[White "Ahn, Sungmin"]
[Black "Batchelor, Paul A"]
[Result "1-0"]
[WhiteElo "1836"]
[BlackElo "1937"]
[PlyCount "91"]
[EventDate "2023.12.28"]
[EventType "swiss"]
[EventRounds "9"]
[EventCountry "ENG"]
[SourceTitle "BritBase"]
[Source "John Saunders"]
[SourceDate "2024.01.08"]
[SourceVersion "1"]
[SourceVersionDate "2024.01.08"]
[SourceQuality "1"]

1. e4 c5 2. Nf3 d6 3. d4 cxd4 4. Nxd4 Nf6 5. Nc3 g6 6. Be3 Bg7 7. f3 O-O 8. Qd2
Nc6 9. O-O-O Nxd4 10. Bxd4 Be6 11. Kb1 Qc7 12. g4 Rfc8 13. Bd3 Qa5 14. a3 b5
15. g5 Nd7 16. Bxg7 Kxg7 17. Nxb5 Qxd2 18. Rxd2 Nc5 19. Be2 Bd7 20. Nc3 Bc6 21.
Bc4 a5 22. Bd5 Rab8 23. Bxc6 Rxc6 24. Ka2 Kf8 25. h4 e6 26. Rhd1 Ke7 27. Re1
Rcb6 28. b3 Rc8 29. Re3 h5 30. f4 Ra6 31. a4 Rb6 32. Rf2 Ra6 33. f5 Nd7 34.
fxg6 fxg6 35. Nb5 Rb6 36. Kb2 Ra6 37. Re1 Rb6 38. Ref1 Ne5 39. Rf6 Ra6 40. Nd4
Raa8 41. Rxe6+ Kd7 42. Rff6 Ra6 43. c3 Nd3+ 44. Kc2 Nc5 45. Rf7+ Kd8 46. Rxg6
1-0

[Event "Hastings Masters"]
[Site "Hastings"]
[Date "2024.01.05"]
[Round "9.36"]
[White "Fryer, David W"]
[Black "Dewangan, Aayush"]
[Result "0-1"]
[WhiteElo "1914"]
[BlackElo "1655"]
[PlyCount "106"]
[EventDate "2023.12.28"]
[EventType "swiss"]
[EventRounds "9"]
[EventCountry "ENG"]
[SourceTitle "BritBase"]
[Source "John Saunders"]
[SourceDate "2024.01.08"]
[SourceVersion "1"]
[SourceVersionDate "2024.01.08"]
[SourceQuality "1"]

1. e4 c5 2. Nf3 d6 3. d4 cxd4 4. Nxd4 Nf6 5. Nc3 a6 6. Rg1 e5 7. Nb3 Be6 8. g4
d5 9. exd5 Nxd5 10. Bd2 Nc6 11. Bd3 Nxc3 12. Bxc3 Qh4 13. Qe2 Qxh2 14. O-O-O
Qf4+ 15. Kb1 Bd5 16. Rg3 Bb4 17. Bf5 Rd8 18. Rgd3 Qc4 19. Bxb4 Nxb4 20. Qxe5+
Kf8 21. Rc3 Qb5 22. Rc5 Qb6 23. Rcxd5 Nxd5 24. Rxd5 Rxd5 25. Qxd5 g6 26. Bd3
Qxf2 27. a3 Kg7 28. Qe5+ Qf6 29. Qd5 b5 30. g5 Qf4 31. Nc5 Re8 32. Ne4 Qe5 33.
Qd7 Qe6 34. Qd4+ Qe5 35. Qf2 Rh8 36. Qb6 h5 37. Qxa6 h4 38. Qxb5 Qxb5 39. Bxb5
h3 40. Ng3 f5 41. gxf6+ Kxf6 42. Kc1 Kg5 43. Kd2 Kh4 44. Nh1 g5 45. Be2 g4 46.
Bxg4 Kxg4 47. Nf2+ Kf4 48. Nxh3+ Rxh3 49. a4 Ke4 50. c3 Rh2+ 51. Kc1 Kd3 52.
Kb1 Rh4 53. a5 Ra4 0-1

[Event "Hastings Masters"]
[Site "Hastings"]
[Date "2024.01.05"]
[Round "9.38"]
[White "Rastogi, Nayan Keats"]
[Black "Boggarapu, Kritan"]
[Result "1/2-1/2"]
[WhiteElo "1662"]
[BlackElo "1857"]
[PlyCount "54"]
[EventDate "2023.12.28"]
[EventType "swiss"]
[EventRounds "9"]
[EventCountry "ENG"]
[SourceTitle "BritBase"]
[Source "John Saunders"]
[SourceDate "2024.01.08"]
[SourceVersion "1"]
[SourceVersionDate "2024.01.08"]
[SourceQuality "1"]

1. e4 c5 2. c3 e5 3. Nf3 Nc6 4. d4 cxd4 5. cxd4 Bb4+ 6. Bd2 Bxd2+ 7. Qxd2 exd4
8. Nxd4 Nf6 9. Nc3 d5 10. Bb5 Bd7 11. exd5 Nxd4 12. Bxd7+ Qxd7 13. Qxd4 O-O 14.
O-O Rfd8 15. Rad1 b5 16. d6 a5 17. Rfe1 Ra6 18. Re7 Qxd6 19. Nxb5 Qxd4 20. Rxd4
Rxd4 21. Nxd4 Rd6 22. Rc7 g6 23. Rc8+ Kg7 24. Rc4 Nd7 25. f4 Nb6 26. Rc6 Rxd4
27. Rxb6 Rxf4 1/2-1/2

[Event "Hastings Masters"]
[Site "Hastings"]
[Date "2024.01.05"]
[Round "9.39"]
[White "Han, Qixiang"]
[Black "Patel, Zain"]
[Result "1/2-1/2"]
[WhiteElo "1711"]
[BlackElo "1841"]
[PlyCount "104"]
[EventDate "2023.12.28"]
[EventType "swiss"]
[EventRounds "9"]
[EventCountry "ENG"]
[SourceTitle "BritBase"]
[Source "John Saunders"]
[SourceDate "2024.01.08"]
[SourceVersion "1"]
[SourceVersionDate "2024.01.08"]
[SourceQuality "1"]

1. d4 Nf6 2. c4 e6 3. g3 Bb4+ 4. Bd2 c5 5. Bxb4 cxb4 6. Bg2 O-O 7. Nf3 a5 8.
O-O d6 9. Nbd2 Qc7 10. Rc1 b6 11. e4 e5 12. Qc2 Bb7 13. Rfe1 Nbd7 14. a3 bxa3
15. bxa3 Rfe8 16. a4 Nb8 17. dxe5 dxe5 18. c5 Na6 19. cxb6 Qxb6 20. Nc4 Qc7 21.
Qb2 Bxe4 22. Ncxe5 Qb7 23. Qxb7 Bxb7 24. Nc4 Nb4 25. Nd6 Rxe1+ 26. Rxe1 Bc6 27.
Ng5 Rf8 28. Bxc6 Nxc6 29. Rc1 h6 30. Ngxf7 Nd4 31. Rc7 Ne8 32. Re7 Nxd6 33.
Nxd6 Nf5 34. Nxf5 Rxf5 35. Ra7 Rc5 36. Kf1 Kh7 37. Ke2 Kg6 38. Kd3 Kh5 39. Rxg7
Rd5+ 40. Ke3 Re5+ 41. Kd2 Re2+ 42. Kd3 Re3+ 43. Kc4 Re4+ 44. Kb5 Rb4+ 45. Ka6
Rb6+ 46. Kxa5 Rb5+ 47. Ka6 Rb6+ 48. Ka5 Rb5+ 49. Ka6 Rb6+ 50. Ka7 Ra6+ 51. Kb8
Ra8+ 52. Kb7 Ra6 1/2-1/2

[Event "Hastings Masters"]
[Site "Hastings"]
[Date "2024.01.05"]
[Round "9.40"]
[White "Norinkeviciute, Rasa"]
[Black "Nainika, Gupta"]
[Result "1-0"]
[WhiteElo "1905"]
[BlackElo "1543"]
[PlyCount "51"]
[EventDate "2023.12.28"]
[EventType "swiss"]
[EventRounds "9"]
[EventCountry "ENG"]
[SourceTitle "BritBase"]
[Source "John Saunders"]
[SourceDate "2024.01.08"]
[SourceVersion "1"]
[SourceVersionDate "2024.01.08"]
[SourceQuality "1"]

1. c4 e5 2. g3 Bc5 3. Bg2 Nc6 4. a3 a5 5. Nc3 Nf6 6. e3 O-O 7. Nge2 Re8 8. Qc2
d6 9. h3 Be6 10. Nd5 Bxd5 11. cxd5 Ne7 12. Nc3 Qd7 13. O-O Ng6 14. Kh2 h5 15.
b3 c6 16. Bb2 Ne7 17. dxc6 bxc6 18. f4 exf4 19. Rxf4 Ng6 20. Rxf6 gxf6 21. Ne4
Rxe4 22. Bxe4 Rb8 23. Rf1 Kh7 24. Rxf6 Rg8 25. Rf5 Ne7 26. Rf4+ 1-0

[Event "Hastings Masters"]
[Site "Hastings"]
[Date "2024.01.05"]
[Round "9.41"]
[White "Butt, Laurence A"]
[Black "Alcindor, Samuel"]
[Result "1/2-1/2"]
[WhiteElo "1688"]
[BlackElo "1714"]
[PlyCount "95"]
[EventDate "2023.12.28"]
[EventType "swiss"]
[EventRounds "9"]
[EventCountry "ENG"]
[SourceTitle "BritBase"]
[Source "John Saunders"]
[SourceDate "2024.01.08"]
[SourceVersion "1"]
[SourceVersionDate "2024.01.08"]
[SourceQuality "1"]

1. d4 Nf6 2. f4 c5 3. e3 g6 4. Nf3 Bg7 5. c3 O-O 6. Bd3 d6 7. O-O Nc6 8. e4
cxd4 9. cxd4 Qb6 10. Kh1 Nxd4 11. Nc3 Nxf3 12. Qxf3 Bd7 13. Rb1 e6 14. Be3 Qa5
15. b4 Qh5 16. Qg3 Ng4 17. Bd2 f5 18. exf5 gxf5 19. Be2 Kh8 20. h3 Rg8 21. Bxg4
fxg4 22. Qxg4 Qxg4 23. hxg4 Rac8 24. Ne4 Rc2 25. Nxd6 Bf8 26. Ne4 Bc6 27. Bc3+
Bg7 28. Bxg7+ Rxg7 29. Nf2 Rd7 30. b5 Bd5 31. Kg1 Rxa2 32. f5 exf5 33. gxf5 Rg7
34. g4 Bf3 35. Rfc1 h6 36. Rc4 Kh7 37. Rf4 Ra3 38. Re1 a5 39. bxa6 bxa6 40. Re6
a5 41. Ne4 Bxe4 42. Rexe4 h5 43. f6 Rxg4+ 44. Rxg4 hxg4 45. Rxg4 Rf3 46. Rg7+
Kh8 47. Ra7 Rxf6 48. Rxa5 1/2-1/2

[Event "Hastings Masters"]
[Site "Hastings"]
[Date "2024.01.05"]
[Round "9.42"]
[White "Han, Qixuan"]
[Black "Wilson, Matthew R"]
[Result "1-0"]
[WhiteElo "1603"]
[BlackElo "1771"]
[PlyCount "103"]
[EventDate "2023.12.28"]
[EventType "swiss"]
[EventRounds "9"]
[EventCountry "ENG"]
[SourceTitle "BritBase"]
[Source "John Saunders"]
[SourceDate "2024.01.08"]
[SourceVersion "1"]
[SourceVersionDate "2024.01.08"]
[SourceQuality "1"]

1. b3 d5 2. Bb2 Nf6 3. Nf3 e6 4. c4 Be7 5. e3 O-O 6. Nc3 c5 7. cxd5 exd5 8. d4
Nc6 9. Be2 h6 10. O-O Bf5 11. Rc1 cxd4 12. Nxd4 Nxd4 13. Qxd4 Qa5 14. Bf3 Be6
15. Rfd1 Rfd8 16. a3 Rac8 17. b4 Qb6 18. Qxb6 axb6 19. g3 h5 20. Nxd5 Nxd5 21.
Rxc8 Rxc8 22. Bxd5 Bxd5 23. Rxd5 Rc2 24. Bd4 Ra2 25. Rd7 Bf6 26. Rxb7 Rxa3 27.
Bxf6 gxf6 28. Rxb6 Ra1+ 29. Kg2 Rb1 30. Rb8+ Kg7 31. b5 Rb2 32. b6 Rb1 33. b7
Rb2 34. h4 Rb4 35. Kf3 Rb2 36. Ke4 Rb1 37. Kd5 Rd1+ 38. Ke4 Rb1 39. Kf4 Rb2 40.
f3 Rb1 41. g4 hxg4 42. Kxg4 Rb5 43. h5 Kh7 44. h6 Rg5+ 45. Kf4 Rb5 46. e4 Rb3
47. e5 fxe5+ 48. Kxe5 f6+ 49. Ke6 Re3+ 50. Kf7 Rb3 51. f4 Rb5 52. Kxf6 1-0

[Event "Hastings Masters"]
[Site "Hastings"]
[Date "2024.01.05"]
[Round "9.43"]
[White "Kim, Sumin"]
[Black "Ruane, Brendan J"]
[Result "1-0"]
[WhiteElo "1358"]
[BlackElo "1823"]
[PlyCount "45"]
[EventDate "2023.12.28"]
[EventType "swiss"]
[EventRounds "9"]
[EventCountry "ENG"]
[SourceTitle "BritBase"]
[Source "John Saunders"]
[SourceDate "2024.01.08"]
[SourceVersion "1"]
[SourceVersionDate "2024.01.08"]
[SourceQuality "1"]

1. Nf3 h6 2. g3 g5 3. Bg2 Bg7 4. O-O c6 5. c3 d6 6. d4 Nd7 7. Nbd2 Nf8 8. e4
Ng6 9. Qc2 g4 10. Ne1 h5 11. f4 gxf3 12. Ndxf3 h4 13. Ng5 f6 14. e5 Nf8 15.
exf6 Bxf6 16. Be4 Bxg5 17. Bxg5 Be6 18. Ng2 hxg3 19. hxg3 Kd7 20. Nf4 Bg4 21.
Bf5+ Bxf5 22. Qxf5+ e6 23. Nxe6 1-0